| 000 | 00556nam a22001217a 4500 | ||
|---|---|---|---|
| 040 | _cRUA | ||
| 100 | _aNOP PHYROT,ណុប ភីរ៉ូត | ||
| 245 | _aCASE OF SALMONELLA SPP.IN CHICKEN MEAT FROM TOUK MEAS MARKET AT KAMPOT PROVINCE,ករណីSALMONELLA SPP.ក្នុងសាច់មាន់នៅផ្សារទូកមាសខេត្តកំពត | ||
| 260 |
_aphnom penh _brua _c2019 |
||
| 300 |
_ax.28p. _bill. _c29cm. |
||
| 856 | _uhttps://drive.google.com/file/d/1sR7xqxkawU2W1oS7FOP9Hw8ucImMzHnQ/view?usp=share_link | ||
| 942 | _cVEM | ||
| 999 |
_c20379 _d20379 |
||